| 000 | 00802nam a2200217 a 4500 | ||
|---|---|---|---|
| 001 | 000004489 | ||
| 005 | 20200929151441.0 | ||
| 008 | 090723s2008 dr a 000 0 spa d | ||
| 040 |
_aDO-SdBNP _bspa _cBNPHU |
||
| 082 |
_a006.7 _bS715q |
||
| 245 | 0 | 0 |
_a¿Qué tu no tienes un blog? : _bintroducción al mundo de los blogs / _cJosé Rafael Sosa, Reynaldo Brito, Eillen Glass, Alexei Tellerías ; corrección Jacqueline Díaz López. |
| 260 |
_aSanto Domingo : _bBúho, _c2008. |
||
| 300 |
_a52 p. : _bil. ; _c22 cm. |
||
| 650 | 7 |
_aWeblogs _2SEARS _913125 |
|
| 650 | 7 |
_aPeriodismo en linea _2SEARS _913126 |
|
| 700 | 1 |
_aSosa, José Rafael _964 |
|
| 700 | 1 |
_aBrito, Reynaldo _913127 |
|
| 700 | 1 |
_aGlass, Eillen _913128 |
|
| 700 | 1 |
_aTallerías, Alexei _913129 |
|
| 700 | 1 |
_aDíaz López, Jacqueline _ecorr. _913130 |
|
| 999 |
_c4298 _d4298 |
||